| 000 | 00598nam a2200193 a 4500 | ||
|---|---|---|---|
| 005 | 20240925064143.0 | ||
| 008 | 991125s1973 par 000 0 fre u | ||
| 035 | _aUPN01000018414 | ||
| 049 | _aCG | ||
| 050 | 4 |
_aLB1051 _bD4.4 |
|
| 100 | 1 | _aDelaunay, Alice | |
| 245 | 1 | 3 |
_aL' éducation du caractére : _bréflexions psychologiques et conseils pédagogiques / _cAlice Delaunay. |
| 260 |
_aParís : _bF. Nathan, _c1973 |
||
| 300 |
_a139 p. : _bil. |
||
| 440 | 0 | _aBibliothéque pédagogique Fernand Nathan | |
| 650 | 4 |
_aNiño, Estudio del _9221 |
|
| 650 | 4 |
_aPsicopedagogía _95085 |
|
| 905 | _aLibro | ||
| 999 |
_c18414 _d18414 |
||